000 00903nam a2200253 i 4500
001 106453
003 ES-MaACL
005 20250812062524.0
007 t|
008 221106s1958 sp f |||| | spa d
080 _a347
100 1 _aHernández Gil, Antonio,
_d1915-1994
_962943
245 1 0 _aReflexiones sobre el futuro del derecho civil /
_cAntonio Hernández-Gil.
260 _aMadrid :
_bAteneo,
_c1958.
300 _a24 p., [1] h. de lám. ;
_c19 cm.
490 1 _aColección "O crece o muere" ;
_v118
594 _aEsta conferencia fue pronunciada por el autor en el Ateneo de Madrid el día 8 de junio de 1957.
610 2 4 _aAteneo de Madrid-
_vConferencias-
_y1940-1982.
_91908
650 1 7 _aDerecho civil
_2embne
_911656
830 0 0 _aColección "O crece o muere"
_v118
_9183476
852 _aES-MaACL
_j2207-F-9
852 _aES-MaACL
_j1614-F-16
999 _c106453
_d106453